00771nam a2200217 a 450000100060000000300080000600500170001400800410003103500190007204000350009104100080012608200250013410000220015924501190018126000700030030000290037050200750039950400340047465000110050870000340051981320BD-RjUL20240125110317.0230403s2019 bg ||||| m||| 00| 0 eng d a(BD-RjUL)81320 aBD-RjULbengcBD-RjULdBD-RjUL aeng a808.81bARA 2019223 aArif, G. M. Javed10aAdrienne Rich's Poetry :bThematic and Theoretical Alignments /cG. M. Javed Arif ;6Supervisor : M. Jahurul Islam aRajshahi :bDepartment of English, University of Rajshahi,c2019. avi, 278 Leaves ;c29 cm. aThesis (Ph. D.) -- Department of English, University of Rajshahi, 2019 aBibliography : Leaves 262-278 apoetry aIslam, M. Jahurul, Supervisor